| 000 | 01098nac a22002777a 4500 | ||
|---|---|---|---|
| 001 | BR8400435 | ||
| 003 | BR-BrBNA | ||
| 005 | 20240105115927.0 | ||
| 008 | 230509b bl.|||m| |||| 00| 0 por d | ||
| 040 |
_aBR-BrBNA _bpor _cBiblioteca Nacional de Agricultura |
||
| 072 | _aH10 | ||
| 090 | _a2480 BR8400435 | ||
| 100 | 1 | _aCelestino Filho, P. | |
| 110 | 1 | _aCentro Nacional de Pesquisa da Seringueira e Dende, Manaus, AM (Brasil) | |
| 245 | 1 | _aFlutuacao populacional da Erinnyis ello (L. 1758)no estado do Amazonas [mandarova, seringueira, Hevea brasiliensis, Brasil] | |
| 246 | 1 | _aPopulational fluctuation of Erinnyis ello (L. 1758)in the state of Amazonas ["Mandarova" rubber plant, Hevea brasiliensis, Brazil] | |
| 260 | 3 |
_aManaus, AM (Brasil): _c1983. |
|
| 300 | _a4 p. | ||
| 490 |
_aPesquisa em Andamento - Centro Nacional de Pesquisa da Seringueira e Dende (Brazil) _vno. 19 _xISSN 0101-2118 |
||
| 650 | _aSERINGUEIRA | ||
| 650 | _aMANDAROVA | ||
| 650 | _aFLUTUACAO POPULACIONAL | ||
| 650 | _aAMAZONAS | ||
| 909 |
_a202312 _bLúcia Elande _c55 _dLúcia Elande |
||
| 942 |
_2AGRIS _n0 _cMS |
||
| 999 |
_c277112 _d277112 |
||